[Event "Piestany op-A"]
[Site "Piestany"]
[Date "2023.07.14"]
[Round "4"]
[White "Rudzinska, Michalina"]
[Black "Fus, Jakub"]
[Result "1/2-1/2"]
[WhiteElo "2257"]
[BlackElo "2436"]
[PlyCount "76"]
[EventDate "2023.07.11"]
[EventType "swiss"]
[EventRounds "9"]
[EventCountry "SVK"]
[SourceTitle "EXT 2024"]
[Source "ChessBase"]
[SourceDate "2023.10.10"]
[SourceVersion "1"]
[SourceVersionDate "2023.10.10"]
[SourceQuality "1"]

1. Nf3 d5 2. b3 Nf6 3. Bb2 c6 4. d3 Bg4 5. e3 Nbd7 6. h3 Bxf3 7. Qxf3 e5 8. g4 Bb4+ 9. c3 Bd6 10. g5 Ng8 11. h4 h6 12. Rg1 hxg5 13. hxg5 Ne7 14. Nd2 Qa5 15. a4 Ng6 16. b4 Qc7 17. a5 Ndf8 18. Qd1 a6 19. Qb3 Qe7 20. Ba3 Ne6 21. c4 Nxg5 22. cxd5 cxd5 23. Qxd5 Rd8 24. Qb3 Rh4 25. b5 Bxa3 26. Qxa3 Ne6 27. Qxe7+ Kxe7 28. Ne4 axb5 29. Rb1 Nc7 30. Ke2 Ra8 31. Bg2 Rxa5 32. Rgc1 Ne6 33. Nc5 Rh2 34. Kf1 Ngf8 35. Kg1 Rh4 36. Nxb7 Ra3 37. Rxb5 Nd7 38. Rd5 Nf6 1/2-1/2

[Event "Piestany op-A"]
[Site "Piestany"]
[Date "2023.07.11"]
[Round "1"]
[White "Fus, Jakub"]
[Black "Vaibhav, Jayant Raut"]
[Result "1-0"]
[WhiteElo "2436"]
[BlackElo "2218"]
[PlyCount "117"]
[EventDate "2023.07.11"]
[EventType "swiss"]
[EventRounds "9"]
[EventCountry "SVK"]
[SourceTitle "EXT 2024"]
[Source "ChessBase"]
[SourceDate "2023.10.10"]
[SourceVersion "1"]
[SourceVersionDate "2023.10.10"]
[SourceQuality "1"]

1. d4 Nf6 2. Nf3 e6 3. c4 Bb4+ 4. Bd2 Qe7 5. Nc3 b6 6. e3 Bb7 7. Bd3 Bxc3 8. Bxc3 Ne4 9. Bxe4 Bxe4 10. d5 Bxf3 11. gxf3 f6 12. Qd4 d6 13. dxe6 Qxe6 14. Rg1 0-0 15. 0-0-0 Nd7 16. f4 Rae8 17. Qd5 Nc5 18. Qxe6+ Rxe6 19. b3 a5 20. Bd4 Kh8 21. f5 Re7 22. e4 Nd7 23. f3 Ne5 24. Rg3 g5 25. fxg6 hxg6 26. f4 Nd7 27. Rxg6 Rxe4 28. Rdg1 Re7 29. R1g2 Rh7 30. Re2 Rg7 31. Rg3 Rfg8 32. Ree3 Rh7 33. Re2 Rhg7 34. Reg2 Rxg3 35. hxg3 Kg7 36. Rh2 Re8 37. Kd2 a4 38. Re2 Rd8 39. g4 axb3 40. axb3 Kf7 41. Rh2 Rg8 42. Rh7+ Ke8 43. Rh4 Kf7 44. Kd3 Kg6 45. Rh1 Kf7 46. Rh7+ Ke8 47. Rh4 Kf7 48. Ke4 Nf8 49. Kd5 Ne6 50. Be3 Ra8 51. Rh7+ Ng7 52. f5 Kg8 53. Rh6 Kf7 54. Bd4 Ne8 55. Kc6 Ra3 56. Rh7+ Kg8 57. Re7 Kf8 58. Kd7 Ra8 59. Be3 1-0

[Event "Prague op"]
[Site "Prague"]
[Date "2023.06.29"]
[Round "8"]
[White "Fus, Jakub"]
[Black "Psyk, Radoslaw"]
[Result "1/2-1/2"]
[WhiteElo "2426"]
[BlackElo "2417"]
[PlyCount "34"]
[EventDate "2023.06.22"]
[EventType "swiss"]
[EventRounds "9"]
[EventCountry "CZE"]
[SourceTitle "CBM 215 Extra"]
[Source "ChessBase"]
[SourceDate "2023.09.30"]
[SourceVersion "1"]
[SourceVersionDate "2023.09.30"]
[SourceQuality "1"]

1. d4 Nf6 2. c4 e6 3. Nc3 d5 4. Bg5 Be7 5. e3 h6 6. Bxf6 Bxf6 7. Nf3 0-0 8. Rc1 c6 9. Bd3 Nd7 10. 0-0 dxc4 11. Bxc4 c5 12. Ne4 cxd4 13. Nxf6+ Nxf6 14. Nxd4 Bd7 15. Qb3 Qa5 16. Qc3 Qb6 17. Qb3 Qa5 1/2-1/2

[Event "Titled Tuesday intern op 20th Jun Early"]
[Site "Chess.com INT"]
[Date "2023.06.20"]
[Round "8"]
[White "Begunov, Konstantin"]
[Black "Fus, Jakub"]
[Result "0-1"]
[WhiteElo "2325"]
[BlackElo "2426"]
[PlyCount "102"]
[EventDate "2023.06.20"]
[EventType "swiss (blitz)"]
[EventRounds "11"]
[EventCountry "USA"]
[SourceTitle "EXT 2024"]
[Source "ChessBase"]
[SourceDate "2023.10.10"]
[SourceVersion "1"]
[SourceVersionDate "2023.10.10"]
[SourceQuality "1"]

1. d4 d5 2. c4 e6 3. Nc3 Nf6 4. cxd5 exd5 5. Bg5 c6 6. e3 Bd6 7. Qc2 0-0 8. Bd3 h6 9. Bh4 Re8 10. Nf3 Be6 11. 0-0 Nbd7 12. Rab1 a5 13. a3 Qb8 14. Rfe1 Bg4 15. Bg3 Bxg3 16. hxg3 Qd6 17. Rbc1 Re7 18. Na4 g6 19. Nc5 Bxf3 20. gxf3 Nxc5 21. Qxc5 Qxc5 22. Rxc5 Nd7 23. Rcc1 Nb6 24. Kg2 a4 25. Rh1 Kg7 26. Rh4 h5 27. g4 hxg4 28. Rxg4 Nc8 29. Rh1 Nd6 30. Rgh4 Rc8 31. Rh7+ Kf6 32. R1h4 Ke6 33. Rg7 Nc4 34. Bxc4 dxc4 35. Rgh7 Rd8 36. Re4+ Kd7 37. Rf4 Ke6 38. Re4+ Kd6 39. Rf4 f5 40. Rh1 Ra8 41. Rfh4 Ra5 42. Rh6 Rg7 43. Rh7 Rxh7 44. Rxh7 Rb5 45. Rg7 Rxb2 46. Rxg6+ Ke7 47. e4 c3 48. d5 c2 49. dxc6 c1Q 50. cxb7 Rb1 51. Kg3 Qg1+ 0-1

[Event "Titled Tuesday intern op 20th Jun Early"]
[Site "Chess.com INT"]
[Date "2023.06.20"]
[Round "4"]
[White "Fus, Jakub"]
[Black "Bilan, Danila"]
[Result "1-0"]
[WhiteElo "2426"]
[BlackElo "2303"]
[PlyCount "71"]
[EventDate "2023.06.20"]
[EventType "swiss (blitz)"]
[EventRounds "11"]
[EventCountry "USA"]
[SourceTitle "EXT 2024"]
[Source "ChessBase"]
[SourceDate "2023.10.10"]
[SourceVersion "1"]
[SourceVersionDate "2023.10.10"]
[SourceQuality "1"]

1. d4 d5 2. c4 c6 3. cxd5 cxd5 4. Bf4 Nf6 5. e3 Nc6 6. Bb5 Bd7 7. Nc3 e6 8. Nf3 Rc8 9. 0-0 Na5 10. Bd3 Nc4 11. Qe2 Bb4 12. Rac1 0-0 13. Ne5 Nxe5 14. Bxe5 Bc6 15. a3 Bd6 16. f4 Ne4 17. Bxe4 dxe4 18. Bxd6 Qxd6 19. Rc2 Bd5 20. Rfc1 Bb3 21. Nxe4 Rxc2 22. Qxc2 Qd5 23. Qd3 b6 24. Ng5 f5 25. Nf3 Ba4 26. Ne5 Bb5 27. Qc2 Ba6 28. Qc6 Qb3 29. Qc3 Qd5 30. Qd2 h6 31. h3 Rd8 32. Kh2 Bb7 33. Rc7 Rf8 34. Qc2 Ba8 35. Rd7 Qb5 36. Qc7 1-0

[Event "Titled Tuesday intern op 20th Jun Early"]
[Site "Chess.com INT"]
[Date "2023.06.20"]
[Round "11"]
[White "Mamedov, Edgar"]
[Black "Fus, Jakub"]
[Result "0-1"]
[WhiteElo "2224"]
[BlackElo "2426"]
[PlyCount "64"]
[EventDate "2023.06.20"]
[EventType "swiss (blitz)"]
[EventRounds "11"]
[EventCountry "USA"]
[SourceTitle "EXT 2024"]
[Source "ChessBase"]
[SourceDate "2023.10.10"]
[SourceVersion "1"]
[SourceVersionDate "2023.10.10"]
[SourceQuality "1"]

1. d4 Nf6 2. Bg5 d5 3. e3 c5 4. Bxf6 gxf6 5. dxc5 e6 6. Nf3 Bxc5 7. c4 dxc4 8. Nbd2 c3 9. bxc3 b6 10. Bb5+ Bd7 11. Bxd7+ Qxd7 12. 0-0 Nc6 13. Nd4 Ne5 14. Ne4 Be7 15. Qh5 f5 16. Ng3 Ng6 17. Rad1 Qc7 18. e4 fxe4 19. Nxe4 0-0 20. Rd3 Nf4 21. Rg3+ Kh8 22. Qh6 Qe5 23. Nf3 Ne2+ 24. Kh1 Nxg3+ 25. Nxg3 Qg7 26. Qe3 Rac8 27. Ne5 Rg8 28. Rg1 Rcf8 29. f4 Qh6 30. Qd4 Bf6 31. Ne4 Bg7 32. Qf2 Qh5 0-1

[Event "Titled Tuesday intern op 13th Jun Early"]
[Site "Chess.com INT"]
[Date "2023.06.13"]
[Round "5"]
[White "Argandona Riveiro, Inigo"]
[Black "Fus, Jakub"]
[Result "0-1"]
[WhiteElo "2344"]
[BlackElo "2426"]
[PlyCount "64"]
[EventDate "2023.06.13"]
[EventType "swiss (blitz)"]
[EventRounds "11"]
[EventCountry "USA"]
[SourceTitle "EXT 2024"]
[Source "ChessBase"]
[SourceDate "2023.10.10"]
[SourceVersion "1"]
[SourceVersionDate "2023.10.10"]
[SourceQuality "1"]

1. Nf3 d5 2. c4 e6 3. g3 dxc4 4. Bg2 a6 5. a4 Nc6 6. Na3 Na5 7. Ne5 Qd4 8. Nf3 Qb6 9. 0-0 Nf6 10. Qc2 Bxa3 11. Rxa3 0-0 12. Ne5 Qd4 13. Nf3 Qd6 14. d3 cxd3 15. Rxd3 Qe7 16. Bf4 Nd5 17. Rxd5 exd5 18. Bxc7 Nc6 19. Bb6 Qe4 20. Qd1 Qb4 21. Bc7 Be6 22. Ng5 Rac8 23. Bf4 h6 24. Nxe6 fxe6 25. Bh3 Rce8 26. e4 Qxe4 27. Re1 Qg6 28. Qb3 Rxf4 29. Rxe6 Rxe6 30. Qxd5 Rff6 31. f4 Qf7 32. Bf1 Re1 0-1

[Event "Titled Tuesday intern op 13th Jun Early"]
[Site "Chess.com INT"]
[Date "2023.06.13"]
[Round "6"]
[White "Fus, Jakub"]
[Black "Bruedigam, Martin"]
[Result "1-0"]
[WhiteElo "2426"]
[BlackElo "2379"]
[PlyCount "67"]
[EventDate "2023.06.13"]
[EventType "swiss (blitz)"]
[EventRounds "11"]
[EventCountry "USA"]
[SourceTitle "EXT 2024"]
[Source "ChessBase"]
[SourceDate "2023.10.10"]
[SourceVersion "1"]
[SourceVersionDate "2023.10.10"]
[SourceQuality "1"]

1. c4 e6 2. g3 d5 3. Bg2 a6 4. b3 b5 5. Bb2 Bb7 6. Na3 c6 7. Nf3 Nd7 8. 0-0 Ngf6 9. Nc2 Be7 10. d3 0-0 11. Re1 Rb8 12. e4 Ba8 13. cxd5 cxd5 14. e5 Ne8 15. Ncd4 Qb6 16. Qd2 Nc7 17. Rec1 Rfc8 18. Rc2 Bb7 19. Rac1 Na8 20. h4 b4 21. h5 a5 22. h6 g6 23. Rxc8+ Rxc8 24. Rxc8+ Bxc8 25. Qf4 Nc7 26. Ng5 Bxg5 27. Qxg5 Nf8 28. Qd8 Bd7 29. Nf3 Qc5 30. Bd4 Qc1+ 31. Bf1 Ne8 32. Be3 Qc3 33. Qe7 Bb5 34. Bc5 1-0

[Event "Titled Tuesday intern op 13th Jun Early"]
[Site "Chess.com INT"]
[Date "2023.06.13"]
[Round "7"]
[White "Garakov, Mikhael"]
[Black "Fus, Jakub"]
[Result "1/2-1/2"]
[WhiteElo "2447"]
[BlackElo "2426"]
[PlyCount "221"]
[EventDate "2023.06.13"]
[EventType "swiss (blitz)"]
[EventRounds "11"]
[EventCountry "USA"]
[SourceTitle "EXT 2024"]
[Source "ChessBase"]
[SourceDate "2023.10.10"]
[SourceVersion "1"]
[SourceVersionDate "2023.10.10"]
[SourceQuality "1"]

1. e4 c6 2. d4 d5 3. exd5 cxd5 4. Bd3 Nc6 5. c3 Nf6 6. h3 e5 7. dxe5 Nxe5 8. Be2 Bd6 9. Nf3 0-0 10. 0-0 h6 11. Nbd2 Bf5 12. Nb3 Nc4 13. Nbd4 Be4 14. Nd2 Nxd2 15. Bxd2 Bc7 16. Bf3 Qd6 17. g3 Qd7 18. Bg2 Rfe8 19. Qc1 Bxg2 20. Kxg2 Re4 21. f3 Re7 22. Bf4 Rae8 23. Rf2 Bb6 24. g4 Nh7 25. Qd2 Nf8 26. Rd1 Ne6 27. Bg3 Nxd4 28. cxd4 f6 29. Qd3 Re3 30. Qg6 Qf7 31. Qxf7+ Kxf7 32. Rfd2 Rc8 33. Bf2 Re6 34. Kf1 f5 35. Re2 Rxe2 36. Kxe2 Rc2+ 37. Rd2 Rxd2+ 38. Kxd2 Kf6 39. Bh4+ Ke6 40. Bf2 g6 41. Kd3 h5 42. Bg3 fxg4 43. fxg4 Kf6 44. Bh4+ Ke6 45. Bg3 Ba5 46. Bf4 Bd8 47. a3 Bh4 48. Be3 Bg3 49. Ke2 Bc7 50. Kd3 hxg4 51. hxg4 Ba5 52. Ke2 Kd7 53. Kd3 Kc6 54. b3 Kb5 55. Kc2 Bc7 56. Bd2 Bg3 57. Kd3 Bf2 58. a4+ Kc6 59. Bc1 b5 60. Bd2 bxa4 61. bxa4 Kb6 62. Bc3 Bg1 63. Bd2 Bh2 64. Bc3 Bf4 65. Be1 Kc6 66. Bb4 Kc7 67. Bc3 Kd7 68. Be1 Kd6 69. Bb4+ Ke6 70. Be1 Kf7 71. Bh4 Bd6 72. Be1 Kf6 73. Bh4+ Ke6 74. Be1 Kd7 75. Bd2 Kc6 76. Be1 Bc7 77. Bd2 Kd7 78. Be1 Ke6 79. Bd2 Kf6 80. Be3 Ba5 81. Ke2 Bc3 82. Kd3 Bb4 83. Ke2 Bd6 84. Kd3 Ke6 85. Ke2 Kd7 86. Kd3 Kc6 87. Bd2 Kd7 88. Ke2 Ke6 89. Kf3 Bc7 90. Be3 Kf6 91. Ke2 Ba5 92. Kd3 Bb4 93. Ke2 Ke6 94. Kd3 Kd7 95. Ke2 Kc6 96. Kd3 Kb6 97. Kc2 Ka5 98. Kb3 Be1 99. Bf4 Kb6 100. Be3 Ba5 101. Kc2 a6 102. Kd3 Kc6 103. Kc2 Be1 104. Kd3 Kb6 105. Kc2 Ka5 106. Kb3 Kb6 107. Kc2 Kb7 108. Kb3 Kc6 109. Kc2 Kc7 110. Kd3 Kb6 111. Kc2 1/2-1/2

[Event "Titled Tuesday intern op 13th Jun Early"]
[Site "Chess.com INT"]
[Date "2023.06.13"]
[Round "4"]
[White "Perera Alfonso, Rene Humberto"]
[Black "Fus, Jakub"]
[Result "1-0"]
[WhiteElo "2298"]
[BlackElo "2426"]
[PlyCount "63"]
[EventDate "2023.06.13"]
[EventType "swiss (blitz)"]
[EventRounds "11"]
[EventCountry "USA"]
[SourceTitle "EXT 2024"]
[Source "ChessBase"]
[SourceDate "2023.10.10"]
[SourceVersion "1"]
[SourceVersionDate "2023.10.10"]
[SourceQuality "1"]

1. e4 e6 2. d4 d5 3. Nc3 Nf6 4. e5 Nfd7 5. f4 c5 6. Nf3 a6 7. Be2 Nc6 8. Be3 Qb6 9. Na4 Qa5+ 10. c3 cxd4 11. b4 Qc7 12. Nxd4 b5 13. Nb2 Nb6 14. 0-0 Nc4 15. Nxc4 dxc4 16. a4 Nxd4 17. Bxd4 Bb7 18. f5 exf5 19. Rxf5 Be7 20. Bf3 0-0 21. Bxb7 Qxb7 22. Qg4 Rad8 23. Raf1 Qd5 24. e6 f6 25. Rxd5 Rxd5 26. axb5 axb5 27. Rf5 Rfd8 28. Rxd5 Rxd5 29. Qe4 Rd6 30. Qa8+ Rd8 31. Qb7 Kf8 32. Bc5 1-0

[Event "Titled Tuesday intern op 06th Jun Early"]
[Site "Chess.com INT"]
[Date "2023.06.06"]
[Round "4"]
[White "Estrada Nieto, Julian"]
[Black "Fus, Jakub"]
[Result "1/2-1/2"]
[WhiteElo "2217"]
[BlackElo "2426"]
[PlyCount "75"]
[EventDate "2023.06.06"]
[EventType "swiss (blitz)"]
[EventRounds "11"]
[EventCountry "USA"]
[SourceTitle "EXT 2024"]
[Source "ChessBase"]
[SourceDate "2023.10.10"]
[SourceVersion "1"]
[SourceVersionDate "2023.10.10"]
[SourceQuality "1"]

1. e4 c6 2. d4 d5 3. Nd2 dxe4 4. Nxe4 Bf5 5. Ng3 Bg6 6. h4 h6 7. Nf3 e6 8. h5 Bh7 9. Bd3 Bxd3 10. Qxd3 Nf6 11. Bd2 Be7 12. 0-0-0 Nbd7 13. Qe2 Qb6 14. Ne5 Qxd4 15. Nxd7 Qxd7 16. Bxh6 Qc7 17. Bxg7 Qf4+ 18. Qd2 Qxd2+ 19. Rxd2 Rh7 20. Bxf6 Bxf6 21. Ne4 Be7 22. g4 f5 23. gxf5 exf5 24. Nd6+ Bxd6 25. Rxd6 Ke7 26. Rhd1 Rxh5 27. Rd7+ Ke6 28. f4 Rh1 29. R7d6+ Ke7 30. Rd7+ Ke6 31. Rxh1 Kxd7 32. Rh7+ Ke6 33. Rxb7 a5 34. Rc7 Kd6 35. Rf7 Ke6 36. Rc7 Kd6 37. Rf7 Ke6 38. Rc7 1/2-1/2

[Event "Titled Tuesday intern op 06th Jun Early"]
[Site "Chess.com INT"]
[Date "2023.06.06"]
[Round "7"]
[White "Fus, Jakub"]
[Black "Sjugirov, Sanan"]
[Result "0-1"]
[WhiteElo "2426"]
[BlackElo "2699"]
[PlyCount "64"]
[EventDate "2023.06.06"]
[EventType "swiss (blitz)"]
[EventRounds "11"]
[EventCountry "USA"]
[SourceTitle "EXT 2024"]
[Source "ChessBase"]
[SourceDate "2023.10.10"]
[SourceVersion "1"]
[SourceVersionDate "2023.10.10"]
[SourceQuality "1"]

1. d4 Nf6 2. c4 e6 3. Nf3 d5 4. g3 Bb4+ 5. Bd2 Be7 6. Bg2 0-0 7. 0-0 c6 8. Bc3 Ne4 9. Nbd2 f5 10. Qc2 Nd7 11. Rfd1 Bd6 12. e3 Qf6 13. b4 g5 14. Rac1 g4 15. Ne1 h5 16. Nd3 h4 17. Nxe4 fxe4 18. Nf4 Qf5 19. b5 Nf6 20. bxc6 bxc6 21. Rb1 Ba6 22. Qa4 Bxc4 23. Qxc6 Bxf4 24. exf4 h3 25. Bh1 Rac8 26. Qd6 e3 27. fxe3 Ne4 28. Qa3 Be2 29. Be1 Bxd1 30. Rxd1 Rc2 31. Qxa7 Nc3 32. Qd7 Nxd1 0-1

[Event "Przeworsk"]
[Site "Przeworsk"]
[Date "2023.06.01"]
[Round "5"]
[White "Fus, Jakub"]
[Black "Licznerski, Lukasz"]
[Result "1/2-1/2"]
[WhiteElo "2417"]
[BlackElo "2460"]
[PlyCount "106"]
[EventDate "2023.05.29"]
[EventType "tourn"]
[EventRounds "9"]
[EventCountry "POL"]
[EventCategory "8"]
[SourceTitle "CBM 214 Extra"]
[Source "ChessBase"]
[SourceDate "2023.07.31"]
[SourceVersion "1"]
[SourceVersionDate "2023.07.31"]
[SourceQuality "1"]

1. Nf3 c5 2. e4 e6 3. c3 Nf6 4. e5 Nd5 5. d4 cxd4 6. cxd4 d6 7. Bc4 Nc6 8. 0-0 Be7 9. Qe2 Nb6 10. Bb3 d5 11. Nc3 Bd7 12. Rd1 h6 13. Ne1 g6 14. Be3 Na5 15. Bc2 Bb4 16. Nb1 a6 17. Bd3 Nbc4 18. Bc1 Rc8 19. Nc2 Be7 20. b3 Nb6 21. Be3 Nc6 22. Qd2 h5 23. Rc1 Kf8 24. Nc3 Kg7 25. Bf1 Qf8 26. Bg5 Bxg5 27. Qxg5 Qe7 28. Qd2 Rc7 29. Ne2 Nc8 30. Nf4 N8a7 31. a4 a5 32. Nd3 b6 33. Nce1 Bc8 34. Nf3 Ba6 35. Rc3 Rhc8 36. Rac1 Bxd3 37. Bxd3 Nb4 38. Bf1 Qd8 39. Rxc7 Rxc7 40. h3 Rxc1 41. Qxc1 Nbc6 42. Qf4 Nb8 43. Ng5 Qe7 44. Be2 Nd7 45. h4 Nf8 46. Qc1 Nh7 47. Nf3 Qd7 48. g3 Qc6 49. Qd2 Qc8 50. Kg2 Nc6 51. Qc3 Ne7 52. Qd2 Nc6 53. Qc3 Na7 1/2-1/2

[Event "Foxwoods op 15th"]
[Site "Ledyard"]
[Date "2023.04.09"]
[Round "8"]
[White "Fus, Jakub"]
[Black "Ouellet, Maili Jade"]
[Result "1-0"]
[WhiteElo "2417"]
[BlackElo "2246"]
[PlyCount "103"]
[EventDate "2023.04.05"]
[EventType "swiss"]
[EventRounds "9"]
[EventCountry "USA"]
[SourceTitle "CBM 213 Extra"]
[Source "ChessBase"]
[SourceDate "2023.05.31"]
[SourceVersion "1"]
[SourceVersionDate "2023.05.31"]
[SourceQuality "1"]

1. e4 c5 2. Nf3 Nc6 3. Bb5 e6 4. Bxc6 bxc6 5. d3 Ne7 6. Nbd2 f6 7. Nh4 d5 8. f4 c4 9. dxc4 Qb6 10. Qf3 a5 11. Qf2 Qxf2+ 12. Kxf2 g6 13. Nhf3 Bg7 14. b3 g5 15. g3 g4 16. Ne1 Ba6 17. Ba3 e5 18. Nd3 Rd8 19. Rhe1 f5 20. Bxe7 Kxe7 21. Nxe5 dxe4 22. Nxc6+ Kd7 23. Nxd8 Bxa1 24. Rxa1 Rxd8 25. Nf1 Kc6 26. Ke2 Kc5 27. a4 Bc8 28. Ne3 Rd6 29. Rd1 Rh6 30. Nf1 Kb4 31. Rd8 Ba6 32. Kd2 Bb7 33. Kc1 Kc3 34. Rd2 Kb4 35. Ne3 Bc8 36. Rd8 Ba6 37. Kb2 Kc5 38. Rd5+ Kb6 39. Rxf5 Rxh2 40. Nd5+ Ka7 41. Nc3 Rg2 42. Nxe4 Bb7 43. Rxa5+ Kb6 44. Rb5+ Kc7 45. Re5 h6 46. Re7+ Kb8 47. Nd6 Bf3 48. f5 Bd1 49. f6 Bxc2 50. f7 Bg6+ 51. Ka3 Bxf7 52. Nxf7 1-0

[Event "Foxwoods op 15th"]
[Site "Ledyard"]
[Date "2023.04.08"]
[Round "7"]
[White "Hardaway, Brewington"]
[Black "Fus, Jakub"]
[Result "1/2-1/2"]
[WhiteElo "2363"]
[BlackElo "2417"]
[PlyCount "39"]
[EventDate "2023.04.05"]
[EventType "swiss"]
[EventRounds "9"]
[EventCountry "USA"]
[SourceTitle "CBM 213 Extra"]
[Source "ChessBase"]
[SourceDate "2023.05.31"]
[SourceVersion "1"]
[SourceVersionDate "2023.05.31"]
[SourceQuality "1"]

1. e4 e6 2. d4 d5 3. Nd2 c5 4. Ngf3 cxd4 5. Nxd4 Nc6 6. Bb5 Bd7 7. Nxc6 Bxc6 8. Bxc6+ bxc6 9. 0-0 Nf6 10. Qe2 Bc5 11. c4 0-0 12. b3 Bd4 13. Rb1 a5 14. exd5 cxd5 15. Nf3 Bc5 16. Bb2 dxc4 17. Rbc1 Qe7 18. Rxc4 Ba3 19. Rfc1 Nd5 20. Ne5 1/2-1/2

[Event "Titled Tuesday intern op 14th Mar Late"]
[Site "Chess.com INT"]
[Date "2023.03.14"]
[Round "8"]
[White "Popov, Mikhail"]
[Black "Fus, Jakub"]
[Result "0-1"]
[WhiteElo "2396"]
[BlackElo "2417"]
[PlyCount "98"]
[EventDate "2023.03.14"]
[EventType "swiss (blitz)"]
[EventRounds "11"]
[EventCountry "USA"]
[SourceTitle "EXT 2024"]
[Source "ChessBase"]
[SourceDate "2023.10.10"]
[SourceVersion "1"]
[SourceVersionDate "2023.10.10"]
[SourceQuality "1"]

1. c4 Nf6 2. g3 e6 3. Bg2 d5 4. Nf3 Be7 5. 0-0 0-0 6. Qc2 dxc4 7. Qxc4 a6 8. a4 b5 9. Qc2 Bb7 10. axb5 axb5 11. Rxa8 Bxa8 12. d4 Nbd7 13. Nc3 b4 14. Na4 Be4 15. Qd1 Qa8 16. b3 Rd8 17. Bd2 c5 18. dxc5 Nxc5 19. Nxc5 Bxc5 20. Qc1 Qd5 21. Bg5 Be7 22. Qb2 h6 23. Bf4 Ng4 24. h3 Bf6 25. Qc1 Ne5 26. Bxe5 Bxe5 27. Qe3 Bc3 28. Rc1 Bxf3 29. Qxf3 Qxb3 30. Qe4 Rd1+ 31. Rxd1 Qxd1+ 32. Kh2 g6 33. Qc4 Qe1 34. Qc8+ Kg7 35. Qc5 Qxe2 36. Qb6 h5 37. h4 Be1 38. Kg1 b3 39. Qxb3 Qxf2+ 40. Kh2 Qf6 41. Qd1 Bc3 42. Qd3 Be5 43. Kg1 Qe7 44. Qe3 Qc7 45. Kh2 Bf6 46. Kh3 Qc2 47. Qf3 Qd2 48. Qe4 g5 49. Qf3 g4+ 0-1